000 00993nam a2200289Ia 4500
005 20250307102412.0
008 210716s2012 xx 000 0 und d
020 _a9788173717581
040 _cAIMIT LIBRARY
041 _aeng
082 _a005.7401
_21
_bGEHN
100 _aGehani, Narain.
_947666
245 _aDatabase book principles and practice using the oracle :
_bdatabase system /
_cBy Narain Gehani and Melliyal Annamalai.
250 _a1st ed.
260 _aHyderabad :
_bUniversities Press ,
_c2012 .
300 _axv, 389p. ;
_bPB
_c24 cm.
650 _aData definition and manipulation language
_947667
650 _aManipulating the database
_947668
650 _aDatabase design
_9204399
650 _aPL/SQL programming language
_9204400
650 _aTransactions
_9204401
650 _aViews
_9204402
650 _aLogs and recovery
_9204403
650 _aSpatial database
_9204404
700 _aAnnamalai, Melliyal.
_947669
942 _2ddc
_cBK
_e1st
_k005.7401 GEHN
999 _c192959
_d192959